Teoretické modelovanie spinových prechodov v komplexoch prechodných kovov

Salvato in:
Dettagli Bibliografici
Autore principale: Pavlik, Ján (Autore)
Altri autori: (Relatore della tesi)
Natura: Manoscritto Libro
Lingua:slovacco
Pubblicazione: 2021
Soggetti:
Accesso online:http://is.stuba.sk/zp/portal_zp.pl?podrobnosti_zp=85150
Tags: Aggiungi Tag
Nessun Tag, puoi essere il primo ad aggiungerne!!

MARC

LEADER 00000ntm a22000003a 4500
001 stuzp85150
003 SK-STU
005 20220319210245.1
007 ta
008 150427s2015----xo-----f-mn---000-0-slo-d
040 |a STU  |b slo 
041 0 |a slo 
100 1 |a Pavlik, Ján  |u 040906  |k Z2  |4 aut  |U FCHPT Dekanát  |T FCHPT Projektové stredisko  |X 22508  |U 040906  |Y 693  |7 A000022508 
242 0 1 |a Theoretical modelling of spin crossover in complexes of transition metals  |y eng 
245 1 0 |a Teoretické modelovanie spinových prechodov v komplexoch prechodných kovov 
260 |c 2021 
650 4 |a model Isingovho typu  |2 slo 
650 4 |a komplexy prechodných kovov  |2 slo 
650 4 |a spinový prechod  |2 slo 
650 4 |a spin crossover  |2 eng 
650 4 |a Ising-like model  |2 eng 
650 4 |a transition metal complexes  |2 eng 
700 1 |a ,  |4 ths  |X null  |7 null 
856 4 |u http://is.stuba.sk/zp/portal_zp.pl?podrobnosti_zp=85150